Styles of learning and teaching (1 85346 104 0)
Salvato in:
| Autore principale: | |
|---|---|
| Natura: | Libro |
| Lingua: | Undetermined |
| Pubblicazione: |
David Fulton Publisher
1998
|
| Tags: |
Aggiungi Tag
Nessun Tag, puoi essere il primo ad aggiungerne! !
|
| Thư viện lưu trữ: | Trung tâm Học liệu Trường Đại học Cần Thơ |
|---|
| LEADER | 00413nam a2200145Ia 4500 | ||
|---|---|---|---|
| 001 | CTU_49363 | ||
| 008 | 210402s9999 xx 000 0 und d | ||
| 082 | |a 370.15 | ||
| 082 | |b E61 | ||
| 100 | |a NOEL ENTWISTLE | ||
| 245 | 0 | |a Styles of learning and teaching (1 85346 104 0) | |
| 245 | 0 | |c NOEL ENTWISTLE | |
| 260 | |b David Fulton Publisher | ||
| 260 | |c 1998 | ||
| 980 | |a Trung tâm Học liệu Trường Đại học Cần Thơ | ||